000 00360nam a22001457a 4500
003 NUST
005 20250114113459.0
020 _a9789694230238
082 _a297,MOL
245 _aKhutbaat (خطبات) /
_cMolana Syed Abu Al Ali Nadvi,
260 _aIslamic Publication
_bLahore
_c2014
300 _a288 p
650 _aKhutbaat
_9127554
942 _2ddc
_cBK
999 _c612643
_d612643